Normal view
MARC view
- Venecia, Italia
Entry Nombre Geográfico
001 - NÚMERO DE CONTROL
- campo de control: 45672
003 - IDENTIFICADOR DE NUMERO DE CONTROL
- campo de control: UPN
005 - FECHA Y HORA DE LA ÜLTIMA TRANSACCIÓN
- campo de control: 20220810203644.0
008 - DATOS DE LONGITUD FIJA
- campo de control de longitud fija: 220810nn acannaabn n ana d
040 ## - FUENTE DE CATALOGACIÓN
- Agencia de catalogación original: UPN
151 ## - ENCABEZAMIENTO - NOMBRE GEOGRÁFICO
- Nombre geográfico: Venecia, Italia
- Subdivisión general : Vida social y costumbres
- Subdivisión de forma: Novela
670 ## - FUENTE EN LA QUE SE LOCALIZARON DATOS
- Cita de la fuente: E/P
902 ## - CATALOGADOR
- Catalogador: CAA/100822
